Capital Names with "Y" - Statistics

General Stats
  • This quiz has been taken 131 times
  • The average score is 13 of 19
Answer Stats
Country % Correct
Asia Yerevan
80%
Europe Reykjavík
77%
North America Guatemala City
76%
North America Mexico City
75%
Asia Pyongyang
74%
Oceania Yaren
74%
Africa Yaoundé
73%
North America Panama City
70%
Africa Yamoussoukro
69%
Europe Vatican City
68%
Asia Tokyo
65%
Asia Naypyidaw
63%
Asia Riyadh
63%
Asia Kuwait City
60%
Africa Niamey
57%
Oceania Port Moresby
57%
Europe Kyiv
52%
Asia Sri Jayawardenepura Kotte
51%
Africa Conakry
49%
No matching quizzes found
Score Distribution
Percent of People with Each Score
Percentile by Number Answered
Your Score History
You have not taken this quiz